00315 2200133 4500001002100000005001500021035002000036245005400056300000800110260003100118082000800149084001200157990001200169INLIS00000000000216020250527114928 a0010-0525000452 a30 Menit Tuntas Merakit Komputer /cArsito Candra a157 bPustaka Merah Putih,c2008 a600 a600 TIG a0713246